Total Quality Management

Guardado en:
Detalles Bibliográficos
Formato: Libro
Lenguaje:inglés
Publicado: London : Prentice Hall International, 1995
Materias:
TQM
Etiquetas: Agregar Etiqueta
Sin Etiquetas, Sea el primero en etiquetar este registro!

MARC

LEADER 00000nam a22000003a 4500
001 stu46017
005 20150408180252.2
008 971120s1995----uk------------------eng-d
020 |a 0-13-433806-5 
040 |a STU  |b slo 
041 0 |a eng 
044 |a uk 
080 |a 658.56 
245 |a Total Quality Management 
260 |a London :  |b Prentice Hall International,  |c 1995 
300 |a 445 s 
650 7 |a TQM  |2 stusub 
996 |b 284M021654  |c M*9601-1  |l MMKN  |s A  |a 24  |w stu46017_0001